000 00578nam a22002057a 4500
003 OSt
005 20140310181806.0
008 130704t xxu||||| |||| 00| 0 eng d
020 _a1904994121
050 _aAG 243
_b.G964 2006
082 _aREF 909.82
_b G94 2006
245 _aGuinness world records 2007
260 _aUK :
_bGuinness World Records Limited,
_c c2006.
300 _a288 p. :
_bill. col. ;
_c31 cm.
520 _a1. Almanacs. 2. Curiosities and comedies
521 _aBasic Ed. Students
541 _j1
562 _e1
942 _2lcc
_cBK-GR
_kREF
999 _c3797
_d3797